Tilastot visalle Sanat - "Surun pyyhit silmistäni" - Kirka

Klikkaa tästä pelataksesi tätä visaa!

Yleistilastot

  • Tätä visaa on pelattu 39 kertaa
  • Keskiarvotulos 101 / 169

Vastaustilastot

Vastaus% Oikein
pyyhit
100%
surun
100%
kuin
95%
silmistäni
95%
pois
91%
vois
91%
olla
86%
86%
86%
ja
82%
kaunis
82%
uni
77%
elämään
73%
kiireen
73%
nään
73%
usko
73%
hellän
68%
hymyn
68%
kesken
68%
vielä
68%
64%
totta
64%
uskon
64%
harso
59%
hetken
59%
lämpö
59%
siksi
59%
hämärtää
55%
luo
55%
Tule
55%
tulevaa
55%
Unen
55%
Aaha
50%
aaha
50%
aamu
50%
jää
50%
koskettaa
50%
sarastaa
50%
siinä
50%
sua
50%
vain
50%
kestää
45%
olet
45%
tahdon
45%
45%
anna
41%
katoaa
41%
mulle
41%
piirteet
41%
tulevaan
41%
tuntein
41%
turhaan
41%
voimaa
41%
arjen
36%
että
36%
hämyyn
36%
jaksan
36%
jätä
36%
on
36%
tämän
36%
tumma
36%
työn
36%
yön
36%
kaikki
32%
päivään
32%
tyhjyys
32%
kerran
27%
aina
23%
ennallaan
23%
kuulekaan
23%
niitä
23%
säilyy
23%
sanot
23%
sillä
23%
tavataan
23%
aika
18%
jälleen
18%
sanat
18%
tunnen
18%
vaikken
18%
varmaan
18%
harhaa
14%
puuhit
0%

Tulosjakauma

Persentiili vastausten määrän mukaan

Jokaisen tuloksen saaneiden osuus

Tuloshistoriasi

Et ole pelannut tätä visaa